Sports Quiz

Random Sports or NFL Quiz

NFL Single Season Passing Leaders Quiz Stats

Quiz not verified by Sporcle

Challenge
Share
Tweet
Embed
Score 0/20 Timer 07:00
0 Plays Today
Year Quarterback % Correct
1984Dan Marino
97.6%
1986Dan Marino
97.6%
1994Dan Marino
97.6%
2008Drew Brees
96.3%
2004Peyton Manning
96.3%
2007Tom Brady
95.1%
2001Kurt Warner
78%
2008Kurt Warner
78%
1991Warren Moon
74.4%
1990Warren Moon
74.4%
Year Quarterback % Correct
2004Daunte Culpepper
73.2%
1981Dan Fouts
70.7%
1980Dan Fouts
70.7%
2002Rich Gannon
62.8%
1994Drew Bledsoe
51.2%
2004Trent Green
50%
2008Jay Cutler
43.9%
1984Neil Lomax
18.3%
1999Steve Beuerlein
18.3%
1983Lynn Dickey
13.4%

You're not logged in!

Compare scores with friends on all Sporcle quizzes.
Sign Up with Email
OR
Log In

You Might Also Like...

Show Comments

Extras

Top Quizzes Today


Score Distribution

Your Account Isn't Verified!

In order to create a playlist on Sporcle, you need to verify the email address you used during registration. Go to your Sporcle Settings to finish the process.